Guidelines for chemical process quantitative risk analysis (Record no. 40337)

000 -LEADER
fixed length control field 00803nam a2200241 a 4500
001 - CONTROL NUMBER
control field 40337
003 - CONTROL NUMBER IDENTIFIER
control field BD-DhUET
008 - FIXED-LENGTH DATA ELEMENTS--GENERAL INFORMATION
fixed length control field 000606s2000 nyua bf 001 0 eng
020 ## - INTERNATIONAL STANDARD BOOK NUMBER
International Standard Book Number 9780816907205
040 ## - CATALOGING SOURCE
Original cataloging agency DLC
Transcribing agency DLC
Modifying agency BD-DhUET
082 ## - DEWEY DECIMAL CLASSIFICATION NUMBER
Classification number 660.28
Item number AME/2000
110 ## - MAIN ENTRY--CORPORATE NAME
Corporate name or jurisdiction name as entry element American Institute of Chemical Engineers
245 00 - TITLE STATEMENT
Title Guidelines for chemical process quantitative risk analysis
Statement of responsibility, etc. .
250 ## - EDITION STATEMENT
Edition statement 2nd ed.
260 ## - PUBLICATION, DISTRIBUTION, ETC. (IMPRINT)
Place of publication, distribution, etc. New York
Name of publisher, distributor, etc. American Institute of Chemical Engineers
Date of publication, distribution, etc. 2000
300 ## - PHYSICAL DESCRIPTION
Extent xxviii, 754 p.
501 ## - WITH NOTE
With note One CD-ROM
504 ## - BIBLIOGRAPHY, ETC. NOTE
Bibliography, etc Includes bibliographies
650 #0 - SUBJECT ADDED ENTRY--TOPICAL TERM
Topical term or geographic name as entry element Chemical plants-Risk assessment
856 42 - ELECTRONIC LOCATION AND ACCESS
Uniform Resource Identifier http://www.loc.gov/catdir/enhancements/fy0610/00044192-d.html
856 41 - ELECTRONIC LOCATION AND ACCESS
Uniform Resource Identifier http://www.loc.gov/catdir/enhancements/fy0610/00044192-t.html
942 ## - ADDED ENTRY ELEMENTS (KOHA)
Koha item type Corporate Publication
Holdings
Withdrawn status Price effective from Lost status Location (home branch) Koha renewals Koha date last borrowed Date acquired Koha out on loan Koha issues (times borrowed) Sublocation or collection (holding branch) Koha item type Koha date last seen Damaged status Source of classification or shelving scheme Piece designation (barcode) Shelving location Koha full call number Koha normalized classification for sorting Not for loan Copy number
 2017-09-12 Central Library, BUET22025-05-252017-09-122026-05-252Central Library, BUETCorporate Publication2025-05-25  115621Circulation section660.28/AME/2000660_280000000000000_AME_2000 1
 2017-09-12 Central Library, BUET  2017-09-12  Central Library, BUETCorporate Publication2017-09-12  115622Circulation section660.28/AME/2000660_280000000000000_AME_2000 2